Countries Visited During the World Tour of Ulysses S. Grant - Statistics

General Stats
  • This quiz has been taken 184 times
  • The average score is 27 of 32
Answer Stats
Country % Correct
United Kingdom
99%
Russia
98%
Italy
97%
China
96%
Germany
96%
Japan
96%
Spain
96%
France
95%
Portugal
93%
Sweden
93%
Norway
92%
india
91%
Belgium
90%
Denmark
90%
Finland
90%
Turkey
89%
Greece
88%
Netherlands
88%
Austria
86%
Egypt
85%
Switzerland
85%
Ireland
82%
Poland
81%
Thailand
75%
Israel
72%
Vietnam
72%
Malaysia
60%
Malta
59%
Myanmar
59%
United States
59%
Vatican City
56%
Singapore
55%
No matching quizzes found
Score Distribution
Percent of People with Each Score
Percentile by Number Answered
Your Score History
You have not taken this quiz